El papel de las comunidades de acogida en el norte del Líbano /

Sábháilte in:
Sonraí bibleagrafaíochta
Príomhchruthaitheoir: Mackreath, Helen
Formáid: LEABHAR
Teanga:Spanish
Clibeanna: Cuir clib leis
Níl clibeanna ann, Bí ar an gcéad duine le clib a chur leis an taifead seo!

MARC

LEADER 00000nam a22000007a 4500
003 cru CIDCACS/IIS
005 20180117095310.0
007 ta
008 180112s2014 sp |||p|r||||||0| ||spa d
999 |c 40815  |d 40815 
040 |c cru CIDCACS/IIS 
100 1 |9 6380  |a Mackreath, Helen  
245 1 3 |a El papel de las comunidades de acogida en el norte del Líbano /   |c Helen Mackreath 
300 |a páginas 19-21:  |b foto 
773 0 |0 19267  |9 1738  |a Centro de Estudios sobre Refugiados  |d Universidad de Oxford ; Centro de Estudios sobre Refugiados  |o 18230  |t Migraciones Forzadas:   |x 14609819 
942 |2 ddc  |c PP